000 00346nam a22001337a 4500
008 181224b xxu||||| |||| 00| 0 eng d
020 _a0942976053
041 _aeng
080 _a572
100 _a24
101 _aANT
245 _aText, Play, and Story: The Construction and Reconstruction of Self and Society
_cBruner,W.M
942 _2udc
_cBK
999 _c53751
_d53751